000 00831nac a22002291u 4500
010 _a 86215870
020 _a9774240561 (pbk.)
082 0 0 _a305.896062
_bGEI
090 _c9099
_d9099
100 _aGeiser, Peter.
245 1 4 _aThe Egyptian Nubian : a study in social symbiosis /
_cPeter Geiser.
260 _aCairo, Egypt :
_bAmerican University in Cairo Press,c1986.
_cc1986.
300 _axiv, 254 p. :
_bill. ;
_c23 cm.
500 _aIncludes index.
500 _aDistributer: Al-Ahram.
504 _aBibliography: p. 222-229.
511 _aCatalogued by: Mahitab.
650 0 _aNubians
_zEgypt.
651 0 _aEgypt
_xSocial conditions
_y1952-
942 _cBB
_k305.896062GEI
999 _c9099
_d9099